[Event "It (open)"]
[Site "masterchessopen.com - Badenweiler (Germany)"]
[Round "4"]
[White "Muehlbach Peter (GER)"]
[Black "Schlenker Jochen (GER)"]
[Result "0-1"]
[WhiteElo "2124"]
[BlackElo "2200"]

1.d4 Nf6 2.c4 c5 3.d5 e6 4.Nc3 exd5 5.cxd5 d6 6.e4 g6 7.f4 Bg7 8.e5 Nfd7 9.Nb5
dxe5 10.Nd6+ Ke7 11.Nxc8+ Qxc8 12.Nf3 Re8 13.Bc4 Kf8 14.O-O e4 15.Ng5 h6
16.Nxf7 Bd4+ 17.Kh1 Kxf7 18.f5 Ne5 19.fxg6+ Kxg6 20.Qe1 Qg4 21.h3 Qd7 22.Qxe4+
Kg7 23.Bxh6+ Kh8 24.Bb5 Qxb5 25.Qh4 Ng6 26.Qh5 Qd3 27.Rf7 Kg8 28.Rf5 Qg3
29.Bd2 Be5 30.Kg1 Nd7 31.Rg5 Qh2+ 32.Kf2 Bd4+ 33.Kf3 Ne5+ 34.Ke4 Kg7 35.Rxg6+
Nxg6+ 36.Kd3 Qg3+ 37.Kc2 Be3 38.Bc3+ Kg8 39.Qf5 c4 40.Rf1 Qxg2+ 41.Kb1 Qe4+
{#R} 0-1

[Event "Ch Bayern (b)"]
[Site "masterchessopen.com - Bayern (Germany)"]
[Round "0"]
[White "Reich Thomas (GER)"]
[Black "Goetz Ralph (GER)"]
[Result "0-1"]
[WhiteElo "2391"]
[BlackElo "2287"]

1.d4 Nf6 2.c4 e6 3.Nc3 c5 4.d5 exd5 5.cxd5 d6 6.e4 g6 7.f4 Bg7 8.e5 Nfd7 9.Ne4
dxe5 10.Nd6+ Ke7 11.Nxc8+ Qxc8 12.fxe5 Nxe5 13.Nf3 Re8 14.Bb5 Nbd7 15.O-O Kf8
16.Nxe5 Rxe5 17.Bf4 Re4 18.Bd6+ Kg8 19.Rxf7 Kxf7 {#R} 0-1

[Event "Europe Tournament (corr.)"]
[Site "masterchessopen.com - corr."]
[Round "0"]
[White "Schreiber Kurt (GER)"]
[Black "Montecatine Rios Ricardo (ESP)"]
[Result "0-1"]
[WhiteElo "2102"]
[BlackElo "2361"]

1.d4 Nf6 2.c4 e6 3.Nc3 c5 4.d5 exd5 5.cxd5 d6 6.e4 g6 7.f4 Bg7 8.e5 Nfd7
9.exd6 O-O 10.Nf3 Nf6 11.Bc4 Re8+ 12.Ne5 Ng4 13.O-O Qh4 14.Nxg4 Bxg4 15.Qc2
Nd7 16.Nb5 a6 17.Nc7 b5 18.Nxe8 Rxe8 19.Bd3 c4 20.Be4 Bd4+ 21.Kh1 Nf6 22.Bf3
Nh5 {#R} 0-1

[Event "It (open)"]
[Site "masterchessopen.com - BRD"]
[Round "0"]
[White "Schebler Gerhard (GER)"]
[Black "Werner Michael (GER)"]
[Result "1-0"]
[WhiteElo "2449"]
[BlackElo "2129"]

1.d4 Nf6 2.c4 e6 3.Nc3 c5 4.d5 exd5 5.cxd5 d6 6.e4 g6 7.f4 Bg7 8.e5 dxe5
9.fxe5 Nfd7 10.e6 fxe6 11.dxe6 Qh4+ 12.g3 Bxc3+ 13.bxc3 Qe4+ 14.Qe2 Qxe2+
15.Bxe2 Nf8 16.e7 Ne6 17.Nf3 Nc6 18.O-O Kxe7 19.Bh6 Bd7 20.Ng5 Ne5 21.Nxe6
Kxe6 22.Rae1 Rhe8 23.Bc4+ Kd6 24.Rf6+ Ke7 25.Bg5 Kd8 26.Rc6+ {#r} 1-0

[Event "?"]
[Site "masterchessopen.com - corr."]
[Round "0"]
[White "Lotti Fabio (ITA)"]
[Black "La Rosa G (VEN)"]
[Result "1-0"]
[WhiteElo "1995"]
[BlackElo "2005"]

1.d4 Nf6 2.c4 c5 3.d5 e6 4.Nc3 exd5 5.cxd5 d6 6.e4 g6 7.f4 Bg7 8.e5 Nfd7 9.Nb5
dxe5 10.Nd6+ Ke7 11.Nxc8+ Qxc8 12.d6+ Kf8 13.Nf3 e4 14.Ng5 h6 15.Nxf7 Kxf7
16.Bc4+ Kf8 17.f5 Nc6 18.fxg6 Nf6 19.O-O Nd4 20.Be3 Qc6 21.b4 Qxd6 22.bxc5
Qxc5 23.Bxd4 Qxc4 24.Bxf6 Bxf6 25.Qd6+ {#r} 1-0

[Event "corr."]
[Site "masterchessopen.com - Italy"]
[Round "0"]
[White "Lotti Fabio (ITA)"]
[Black "Barbieri Giovanni (ITA)"]
[Result "1-0"]
[WhiteElo "1995"]
[BlackElo "1769"]

1.d4 Nf6 2.c4 c5 3.d5 e6 4.Nc3 exd5 5.cxd5 d6 6.e4 g6 7.f4 Bg7 8.e5 Nfd7 9.Nb5
dxe5 10.Nd6+ Ke7 11.Nxc8+ Qxc8 12.d6+ Kf8 13.Nf3 e4 14.Ng5 h6 15.Nxf7 Kxf7
16.Bc4+ Kf8 17.f5 Nc6 18.fxg6 Nce5 19.O-O+ Bf6 20.Qd5 Kg7 21.Rxf6 Kxf6 22.Bf4
Re8 23.Rf1 Kxg6 24.Qxe4+ Kg7 25.Bxh6+ Kxh6 26.Qh4+ Kg6 27.Bd5 Qc6 28.Qg3+ {#r}
1-0

[Event "corr."]
[Site "masterchessopen.com - Italy"]
[Round "0"]
[White "Lotti Fabio (ITA)"]
[Black "Frilli Fabio (ITA)"]
[Result "1-0"]
[WhiteElo "1995"]
[BlackElo "2086"]

1.d4 Nf6 2.c4 c5 3.d5 e6 4.Nc3 exd5 5.cxd5 d6 6.e4 g6 7.f4 Bg7 8.e5 Nfd7 9.Nb5
dxe5 10.Nd6+ Ke7 11.Nxc8+ Qxc8 12.Nf3 Re8 13.Bc4 Kf8 14.O-O e4 15.Ng5 Nb6
16.Bb5 Rd8 17.d6 Bd4+ 18.Kh1 Rxd6 19.f5 Kg8 20.fxg6 fxg6 21.Nxe4 Rd8 22.Bg5
Rf8 23.Nd6 Qe6 24.Rxf8+ {#r} 1-0

[Event "It"]
[Site "masterchessopen.com - Lvov (Ukraine)"]
[Round "0"]
[White "Lputian Smbat G (ARM)"]
[Black "Norwood David (ENG)"]
[Result "1-0"]
[WhiteElo "2520"]
[BlackElo "2460"]

1.d4 Nf6 2.c4 e6 3.Nc3 c5 4.d5 exd5 5.cxd5 d6 6.e4 g6 7.f4 Bg7 8.e5 dxe5
9.fxe5 Nfd7 10.e6 fxe6 11.dxe6 Qe7 12.Nd5 Qxe6+ 13.Qe2 Qxe2+ 14.Bxe2 Be5
15.Nf3 Nf6 16.Bc4 Nxd5 17.Bxd5 Bf6 18.O-O Nc6 19.Bg5 Bxg5 20.Nxg5 Bf5 21.Bxc6+
bxc6 22.g4 Bxg4 23.Rae1+ Kd7 24.Rf7+ Kd6 25.Rf4 Bf5 26.Nf7+ Kd5 27.Re5# 1-0

[Event "Ch Finland (team)"]
[Site "masterchessopen.com - Finland"]
[Round "0"]
[White "Kujala Auvo (FIN)"]
[Black "Seppanen Asko (FIN)"]
[Result "1-0"]
[WhiteElo "2242"]
[BlackElo "2201"]

1.d4 Nf6 2.c4 c5 3.d5 e6 4.Nc3 exd5 5.cxd5 g6 6.e4 d6 7.f4 Bg7 8.e5 Ng4 9.Bb5+
Kf8 10.Nf3 dxe5 11.fxe5 Nxe5 12.O-O Bf5 13.Be3 b6 14.Qd2 a6 15.Be2 Nbd7 16.Bg5
f6 17.Bf4 h5 18.d6 Ra7 19.Nd5 Nxf3+ 20.Bxf3 Ne5 21.Ne7 Nxf3+ 22.Rxf3 Rxe7
23.dxe7+ Kxe7 24.Re1+ Kf7 25.Bd6 Bf8 26.Qd5+ Kg7 27.Qb7+ Kh6 28.Bf4+ g5 29.Bg3
Bc8 30.Qf7 Bg7 31.Re7 Qd4+ 32.Bf2 Qd1+ 33.Be1 Qd4+ 34.Bf2 Qd1+ 35.Re1 Qd8
36.h4 Rf8 37.hxg5+ fxg5 38.Qb3 Rxf3 39.Qxf3 Bg4 40.Qb3 Qf6 41.Qc4 Qxb2 42.Qxa6
Bc3 43.Re7 Bd4 44.Qf1 b5 45.Bxd4 Qxd4+ 46.Kh1 Bf5 47.Qxf5 Qh4+ 48.Qh3 {#r} 1-0

[Event "It"]
[Site "masterchessopen.com - Frankfurt (Germany)"]
[Round "10"]
[White "Szabo Laszlo (GER)"]
[Black "Kertesz Alfred (GER)"]
[Result "1-0"]
[WhiteElo "2200"]
[BlackElo "2271"]

1.d4 Nf6 2.c4 e6 3.Nc3 c5 4.d5 exd5 5.cxd5 d6 6.e4 g6 7.f4 Bg7 8.e5 dxe5
9.fxe5 Ng4 10.Bb5+ Kf8 11.e6 Ne5 12.Nf3 a6 13.Bg5 Nxf3+ 14.Qxf3 f6 15.O-O axb5
16.Rae1 Ke8 17.Ne4 c4 18.Kh1 Nd7 19.exd7+ Kxd7 20.Qh3+ Kc7 21.Bf4+ Kb6 22.Qe3+
Ka6 23.Qa3+ Kb6 24.Qc5+ Ka6 25.Bc7 Qxc7 26.Qxc7 Bf8 27.d6 b6 28.Re3 b4
29.Qxc4+ Ka7 30.Qxb4 Ba6 31.Rxf6 Rc8 32.Rf7+ Ka8 33.Rc3 {#r} 1-0

[Event "?"]
[Site "masterchessopen.com - Habana (Cuba)"]
[Round "0"]
[White "Armas Jorge (CUB)"]
[Black "Tolnai Tibor (HUN)"]
[Result "1-0"]
[WhiteElo "2381"]
[BlackElo "2465"]

1.d4 Nf6 2.c4 c5 3.d5 e6 4.Nc3 exd5 5.cxd5 d6 6.e4 g6 7.f4 Bg7 8.e5 Nfd7 9.Ne4
dxe5 10.Nd6+ Kf8 11.Nf3 Qc7 12.Nxc8 Qxc8 13.Be2 e4 14.Ng5 Nf6 15.Qc2 h6
16.Nxe4 Nxe4 17.Qxe4 Bd4 18.Be3 Bxb2 19.Rb1 Bf6 20.d6 Nc6 21.Bxc5 Kg7 22.Qd5
b6 23.Be3 Qd7 24.Bb5 Rac8 25.O-O Rhe8 26.Bf2 Red8 27.Rfd1 Qb7 28.Rbc1 Na5
29.Qxb7 Nxb7 30.Rxc8 Rxc8 31.Ba6 Rb8 32.d7 Nd8 33.Rc1 Be7 34.Rc8 Bd6 35.Bg3 f5
36.Bh4 Nf7 37.g3 g5 38.fxg5 h5 39.g6 Kxg6 40.Rxb8 Bxb8 {#r} 1-0

[Event "It (open)"]
[Site "masterchessopen.com - Biel (Switzerland)"]
[Round "6"]
[White "Bozinovic Bogdan (CRO)"]
[Black "Meier Volker (GER)"]
[Result "1-0"]
[WhiteElo "2207"]
[BlackElo "2292"]

1.d4 Nf6 2.c4 c5 3.d5 e6 4.Nc3 exd5 5.cxd5 d6 6.e4 g6 7.f4 Bg7 8.e5 Nfd7 9.Nb5
dxe5 10.Nd6+ Kf8 11.Nf3 Qc7 12.Nxf7 Kxf7 13.Ng5+ Ke7 14.Ne6 Qd6 15.Nxg7 Nf6
16.Bc4 Rg8 17.Qe2 e4 18.Ne6 Bxe6 19.dxe6 Nc6 20.Be3 Nd4 21.Qf2 b6 22.O-O-O
Rad8 23.h3 Qc6 24.g4 b5 25.Bf1 Qxe6 26.Kb1 b4 27.Rc1 Qb6 28.Bc4 Rgf8 29.Rhe1
Kd6 30.f5 Kc6 31.g5 Nd5 32.f6 Rde8 33.Red1 Re5 34.h4 Rf5 35.Bxd5+ Kxd5 36.Qe2
Kd6 37.Qc4 Rd5 38.Rd2 a5 39.Rcd1 b3 40.a3 {#r} 1-0

[Event "It (open)"]
[Site "masterchessopen.com - Cannes (France)"]
[Round "0"]
[White "Astolfi Frederic (FRA)"]
[Black "Kovacevic Slobodan (SRB)"]
[Result "1-0"]
[WhiteElo "2179"]
[BlackElo "2321"]

1.d4 Nf6 2.c4 e6 3.Nc3 c5 4.d5 exd5 5.cxd5 d6 6.e4 g6 7.f4 Bg7 8.e5 Nfd7 9.Nb5
dxe5 10.Nd6+ Ke7 11.Nxc8+ Qxc8 12.Nf3 Re8 13.fxe5 Nxe5 14.Bb5 Nbd7 15.Nxe5 Kf8
16.O-O Rxe5 17.Bf4 c4 18.Qd4 Rh5 19.Qxc4 Nb6 20.Qb4+ Kg8 21.Rac1 Qf8 22.Qb3
Rxd5 23.Be3 Qd6 24.Kh1 Bd4 25.Bxd4 {#r} 1-0

[Event "It (open)"]
[Site "masterchessopen.com - Royan (France)"]
[Round "0"]
[White "Astolfi Frederic (FRA)"]
[Black "Fernandes Antonio (POR)"]
[Result "0-1"]
[WhiteElo "2179"]
[BlackElo "2409"]

1.d4 Nf6 2.c4 c5 3.d5 e6 4.Nc3 exd5 5.cxd5 d6 6.e4 g6 7.f4 Bg7 8.e5 Nfd7 9.Nb5
dxe5 10.Nd6+ Ke7 11.Nxc8+ Qxc8 12.Nf3 Re8 13.fxe5 Nxe5 14.Bb5 Nbd7 15.Nxe5 Kf8
16.O-O Rxe5 17.Bf4 Re4 18.Qf3 f5 19.g4 Bd4+ 20.Kh1 Nf6 21.gxf5 Qxf5 22.Bg5
Qxf3+ 23.Rxf3 Kg7 24.Raf1 Rf8 25.d6 a6 26.Bd3 Re6 27.Bf4 b5 28.b3 Nd7 29.Bg3
Rxf3 30.Rxf3 Be5 31.Re3 Kf7 32.Rf3+ Rf6 33.Re3 Bxd6 34.Bh4 Rf4 35.Bg3 Rd4
36.Bf2 Ne5 37.Be2 Rd2 38.a4 Kf6 39.axb5 axb5 40.Be1 Rb2 41.Bxb5 Rxh2+ 42.Kg1
Rc2 43.Bg3 h5 44.Be8 Rd2 45.Be1 Rd1 46.Kg2 Nd3 47.Bc3+ Be5 48.Ba5 Nf4+ 49.Kf3
Kf5 50.Rxe5+ Kxe5 51.Bc7+ Kf5 52.Bxf4 Rf1+ {#R} 0-1

[Event "It (open) \"]
[Site "masterchessopen.com - Budapest (Hungary)"]
[Round "0"]
[White "Sulava Nenad (CRO)"]
[Black "Namgilov Sogto (RUS)"]
[Result "0-1"]
[WhiteElo "2540"]
[BlackElo "2434"]

1.d4 Nf6 2.c4 c5 3.d5 e6 4.Nc3 exd5 5.cxd5 d6 6.e4 g6 7.f4 Bg7 8.e5 Nfd7 9.Ne4
dxe5 10.Nd6+ Ke7 11.Nxc8+ Qxc8 12.Nf3 e4 13.Ng5 h6 14.d6+ Kf8 15.Nxf7 Kxf7
16.Bc4+ Kf8 17.f5 Bd4 18.fxg6 Kg7 19.Be6 Qd8 20.Qb3 Qb6 21.Qg3 Nf6 22.Bd2 Qxb2
23.d7 Qxa1+ 24.Ke2 Qxh1 25.Bxh6+ Kxh6 26.g7 Nfxd7 27.h4 Qc1 {#R} 0-1

[Event "Ch Germany (juniors) (under 20)"]
[Site "masterchessopen.com - Muenster (Germany)"]
[Round "8"]
[White "Gohil Harry (GER)"]
[Black "Koch Thomas (GER)"]
[Result "1-0"]
[WhiteElo "2322"]
[BlackElo "2054"]

1.d4 Nf6 2.c4 e6 3.Nc3 c5 4.d5 exd5 5.cxd5 d6 6.e4 g6 7.f4 Bg7 8.e5 dxe5
9.fxe5 Nfd7 10.e6 fxe6 11.dxe6 Bxc3+ 12.bxc3 Qh4+ 13.g3 Qe4+ 14.Qe2 Qxe2+
15.Bxe2 Nf8 16.e7 Ne6 17.Nf3 Nc6 18.O-O Kxe7 19.Bh6 Bd7 20.Ng5 Ncd8 21.Rad1
Rc8 22.Bg4 Rc6 23.Bg7 {#r} 1-0

[Event "Ch Australia"]
[Site "masterchessopen.com - Sydney (Australia)"]
[Round "10"]
[White "Belin Igor (AUS)"]
[Black "Booth Stewart (AUS)"]
[Result "1-0"]
[WhiteElo "2319"]
[BlackElo "2116"]

1.d4 Nf6 2.c4 c5 3.d5 e6 4.Nc3 exd5 5.cxd5 d6 6.e4 g6 7.f4 Bg7 8.e5 dxe5
9.fxe5 Nfd7 10.e6 fxe6 11.dxe6 Qh4+ 12.g3 Bxc3+ 13.bxc3 Qe4+ 14.Qe2 Qxe2+
15.Nxe2 Nf8 16.e7 Kxe7 17.Bg5+ Kf7 18.Bg2 Ne6 19.O-O+ Ke8 20.Bh6 Nc6 21.Rae1
Kd8 22.Nf4 Nxf4 23.Bg5+ Kc7 24.Bxf4+ Kb6 25.Rb1+ Ka6 26.Rfd1 c4 27.Bxc6 bxc6
28.Rd6 Bb7 29.Rd7 Rab8 30.Bxb8 Rxb8 31.Rd4 Ka5 32.Rd7 Ka6 33.Rxh7 c5 34.Rc7
{#r} 1-0

[Event "It (open)"]
[Site "masterchessopen.com - Val Maubuee (France)"]
[Round "0"]
[White "Camaly P"]
[Black "Lupu Smaranda B (FRA)"]
[Result "0-1"]
[WhiteElo "2040"]
[BlackElo "2181"]

1.d4 Nf6 2.c4 c5 3.d5 e6 4.Nc3 exd5 5.cxd5 d6 6.e4 g6 7.f4 Bg7 8.e5 dxe5
9.fxe5 Qe7 10.Nf3 O-O 11.Be2 Ng4 12.e6 fxe6 13.d6 Qd8 14.O-O Nc6 15.h3 Nh6
16.Bg5 Qd7 17.Ne4 b6 18.Re1 Nf5 19.Bc4 Ncd4 20.Nxd4 Bxd4+ 21.Kh1 Nxd6 22.Nxc5
bxc5 23.Bxe6+ Qxe6 24.Rxe6 Bxe6 25.Be7 Ne4 26.Qe1 Rf1+ {#R} 0-1

[Event "It (open)"]
[Site "masterchessopen.com - Bad Mondorf (Germany)"]
[Round "0"]
[White "Laux Tino (GER)"]
[Black "Oei Hway Ik (NED)"]
[Result "1-0"]
[WhiteElo "2290"]
[BlackElo "2104"]

1.d4 Nf6 2.c4 e6 3.Nc3 c5 4.d5 exd5 5.cxd5 d6 6.e4 g6 7.f4 Bg7 8.e5 Nfd7 9.Ne4
dxe5 10.Nd6+ Ke7 11.Nxc8+ Qxc8 12.Nf3 Re8 13.Bc4 Kf8 14.O-O e4 15.Ng5 h6 16.f5
hxg5 17.fxg6 Bd4+ 18.Kh1 Nf6 19.gxf7 Kxf7 20.Qh5+ Ke7 21.Qg6 Rf8 22.Bxg5 Nd7
23.Qxe4+ Be5 24.Bxf6+ Rxf6 25.Rxf6 Kxf6 26.d6 Kg7 27.Rf1 Qe8 28.Rf7+ Qxf7
29.Bxf7 Kxf7 30.Qf5+ Nf6 31.Qxe5 Re8 32.Qg3 Rd8 33.h3 Ke6 34.Qb3+ Kxd6 35.Qxb7
Rd7 36.Qb8+ Kd5 37.Qf4 Rd6 38.Qd2+ Ke4 39.Qc3 Kd5 40.Kh2 Ne4 41.Qb3+ Kd4
42.Qa4+ Ke3 43.Qxa7 Rd2 44.b4 Rc2 45.bxc5 Rxc5 46.a4 Kf4 47.a5 Rc2 48.Qf7+ Ke3
49.a6 Rf2 50.Qb3+ Ke2 51.Qc4+ Ke3 52.h4 Rf4 53.Qc1+ Nd2 54.Qe1+ Kd3 55.Qg3+
Ke4 56.Qxf4+ Kxf4 57.a7 {#r} 1-0

[Event "It (open)"]
[Site "masterchessopen.com - Bern (Switzerland)"]
[Round "9"]
[White "Manner Martin (GER)"]
[Black "Steinert Marc (GER)"]
[Result "0-1"]
[WhiteElo "2097"]
[BlackElo "2237"]

1.d4 Nf6 2.c4 e6 3.Nc3 c5 4.d5 exd5 5.cxd5 g6 6.e4 d6 7.f4 Bg7 8.e5 Nfd7 9.Nb5
dxe5 10.Nd6+ Ke7 11.Nb5 Na6 12.d6+ Kf8 13.Nf3 Qf6 14.fxe5 Nxe5 15.Be2 Nxf3+
16.Bxf3 Qh4+ 17.Kf1 Bd7 18.Nc3 Re8 19.Bd2 Nb4 20.Be1 Qc4+ 21.Be2 Qf4+ 22.Bf2
Bd4 23.Bf3 Bxf2 24.Kxf2 Qe3+ 25.Kf1 Nd3 26.Qe2 Qd4 27.Qd2 Kg7 28.Rd1 Re3
29.Ne4 Re8 30.Qc3 f5 31.Qxd4+ cxd4 32.Rxd3 Bb5 33.d7 Bxd3+ 34.Kf2 Rd8 35.Nc5
b6 36.Nb3 Rxd7 37.Nxd4 Ree7 38.Nc6 Re6 39.Rd1 Red6 40.Ne5 Rd8 41.Nc6 Bc2
42.Rc1 Rd2+ 43.Ke1 R8d6 44.Ne5 b5 45.Be2 Be4 46.Bxb5 Rxg2 47.Rc7+ Kf6 48.Nc4
Re6 49.Rxh7 Bd3+ 50.Kd1 a6 {#R} 0-1

[Event "It (open)"]
[Site "masterchessopen.com - Moscow (Russia)"]
[Round "0"]
[White "Eidemiller Mark (USA)"]
[Black "Rychlik Kurt (GER)"]
[Result "0-1"]
[WhiteElo "2255"]
[BlackElo "2086"]

1.d4 Nf6 2.c4 c5 3.d5 e6 4.Nc3 exd5 5.cxd5 d6 6.e4 g6 7.f4 Bg7 8.e5 Nh5 9.Nf3
O-O 10.Bc4 Bg4 11.O-O a6 12.a4 dxe5 13.fxe5 Bxe5 14.Ne4 Nd7 15.Qb3 Bxf3
16.Qxf3 Nb6 17.Bb3 c4 18.a5 cxb3 19.axb6 Qxb6+ 20.Kh1 Rad8 21.g4 Ng7 22.Bg5
Rd7 23.Nf6+ Bxf6 24.Bxf6 Ne8 25.g5 h5 26.Ra3 Nxf6 27.gxf6 Qd4 28.Rxb3 Rxd5
29.Rxb7 Rf5 30.Qg2 Rxf6 31.Rxf6 Qxf6 32.Rc7 Re8 33.Rc1 Qf4 34.Ra1 a5 35.h3 a4
36.Qc6 Re2 {#R} 0-1

[Event "It"]
[Site "masterchessopen.com - Buenos Aires (Argentina)"]
[Round "10"]
[White "Suarez Roa Jose (ESP)"]
[Black "Ginzburg Maximiliano (ARG)"]
[Result "0-1"]
[WhiteElo "2153"]
[BlackElo "2399"]

1.d4 Nf6 2.c4 c5 3.d5 e6 4.Nc3 exd5 5.cxd5 d6 6.e4 g6 7.f4 Bg7 8.e5 dxe5
9.fxe5 Nfd7 10.e6 fxe6 11.dxe6 Nf6 12.Qxd8+ Kxd8 13.Bg5 Bxe6 14.Ne4 Nd7 15.Bb5
Kc7 16.Bf4+ Kb6 17.Bxd7 Bxd7 18.Nd6 Rae8+ 19.Nxe8 Rxe8+ 20.Kf2 Ne4+ 21.Kf3 g5
22.Be3 g4+ 23.Ke2 Bb5+ 24.Ke1 g3 25.Nf3 Nf2 26.Kd2 Rxe3 {#R} 0-1

[Event "Bundesliga (w)"]
[Site "masterchessopen.com - Germany"]
[Round "0"]
[White "Boenisch Annika (GER)"]
[Black "Vogel Heike (GER)"]
[Result "0-1"]
[WhiteElo "2064"]
[BlackElo "2133"]

1.d4 Nf6 2.c4 c5 3.d5 e6 4.Nc3 exd5 5.cxd5 d6 6.e4 g6 7.f4 Bg7 8.e5 dxe5
9.fxe5 Nfd7 10.e6 fxe6 11.dxe6 Bxc3+ 12.bxc3 Qh4+ 13.g3 Qe4+ 14.Qe2 Qxe2+
15.Bxe2 Nf8 16.e7 Ne6 17.Nf3 Kxe7 18.Bh6 Nc6 19.O-O Bd7 20.Rae1 Kd6 21.Nd2 Kc7
22.Bg4 Ncd8 23.Ne4 a5 24.Nf6 Ra6 25.Rf3 c4 26.Rfe3 Bc8 27.Re4 b5 28.Rb1 Nf7
29.Be3 Neg5 30.Bf4+ Kc6 31.Re7 Ra8 32.Rxf7 Bxg4 33.Rc7+ Kb6 34.Nxg4 Nh3+
35.Kf1 Nxf4 36.Rd7 Nd3 37.Rd5 b4 38.Ke2 Rhe8+ 39.Kd2 Kc6 40.Rd4 Kb5 41.Rd5+
Nc5 42.Ne3 Rad8 43.Rf1 Rxd5+ 44.Nxd5 Rd8 {#R} 0-1

[Event "It (open)"]
[Site "masterchessopen.com - Mislata (Spain)"]
[Round "7"]
[White "Capella Gimenez J M (ESP)"]
[Black "Palomar Ramon Santiago (ESP)"]
[Result "1-0"]
[WhiteElo "2107"]
[BlackElo "2039"]

1.d4 Nf6 2.c4 c5 3.d5 e6 4.Nc3 exd5 5.cxd5 d6 6.e4 g6 7.f4 Bg7 8.e5 Nfd7 9.Nb5
dxe5 10.Nd6+ Kf8 11.Nxc8 Qxc8 12.Nf3 c4 13.Qa4 e4 14.Ne5 c3 15.Qxe4 Nxe5
16.fxe5 Nd7 17.e6 cxb2 18.Bxb2 Bc3+ 19.Kd1 Nf6 20.Qf4 Kg7 21.Rc1 Nxd5 22.Qxf7+
Kh6 23.Bxc3 Nxc3+ 24.Ke1 Rf8 25.Qe7 g5 26.h4 {#r} 1-0

[Event "It (open)"]
[Site "masterchessopen.com - Toronto (Canada)"]
[Round "5"]
[White "Walker Ben (CAN)"]
[Black "Schleifer Michael (CAN)"]
[Result "1-0"]
[WhiteElo "2225"]
[BlackElo "2339"]

1.d4 Nf6 2.c4 c5 3.d5 e6 4.Nc3 exd5 5.cxd5 d6 6.e4 g6 7.f4 Bg7 8.e5 Nh5 9.Bb5+
Bd7 10.Bxd7+ Nxd7 11.e6 Nb6 12.Qe2 O-O 13.e7 Qd7 14.exf8=Q+ Rxf8 15.Qf3 Re8+
16.Nge2 Bd4 17.Bd2 Nc4 18.O-O-O Bg7 19.Ng3 Nxg3 20.hxg3 b5 21.Qd3 a6 22.Rde1
Rc8 23.Re4 Nxb2 24.Kxb2 c4 25.Qe2 b4 26.Kc2 bxc3 27.Rxc4 cxd2 28.Kxd2 Re8
29.Qd3 Qb5 30.a4 Qa5+ 31.Kc2 Qb6 32.Kd1 Re3 33.Qc2 Rb3 34.Rc8+ Bf8 35.Qe4 Rb1+
36.Rc1 Rb4 37.Rc4 Rb1+ 38.Rc1 Qb3+ 39.Kd2 Rb2+ 40.Rc2 Rxc2+ 41.Qxc2 Qxd5+
42.Kc1 Qd4 43.Re1 d5 44.Re8 Qb4 45.Rd8 Qe1+ 46.Kb2 Qe7 47.Rxd5 Bg7+ 48.Ka2 Qe6
49.Qc4 Bf6 50.Rc5 Qb6 51.Qc2 Qe6+ 52.Rc4 Kg7 53.Qe4 Qb6 54.Rc2 Qg1 55.Kb3 Qd1
56.Kc4 Qa1 57.Kd5 Qb1 58.Rc6 Qa2+ 59.Kd6 Qd2+ 60.Kc7 Bd4 61.Rxa6 Qc3+ 62.Kd7
Qb4 63.Qd5 Ba1 64.a5 Qa4+ 65.Rc6 Qb4 66.a6 Qa3 67.Qc5 Qa4 68.Kc8 Bd4 69.Qc4
{#r} 1-0

[Event "corr."]
[Site "masterchessopen.com - Argentina"]
[Round "0"]
[White "Roncan Jose (ARG)"]
[Black "Paternoste Ricardo (ARG)"]
[Result "1-0"]
[WhiteElo "2053"]
[BlackElo "2251"]

1.d4 Nf6 2.c4 c5 3.d5 e6 4.Nc3 exd5 5.cxd5 d6 6.e4 g6 7.f4 Bg7 8.e5 Nh5 9.Nf3
O-O 10.Be2 a6 11.O-O Bf5 12.Ng5 h6 13.Nxf7 Rxf7 14.e6 Bd4+ 15.Kh1 Rf8 16.g4
Ng7 17.gxf5 Nxf5 18.Qd3 a5 19.Nb5 Bg7 20.Rg1 Kh7 21.Qh3 Na6 22.Qg4 Qe8 23.Bd3
Rd8 24.a3 h5 25.Qe2 Qe7 26.Rg5 Kh6 27.Bd2 c4 28.Rag1 cxd3 29.Rxg6+ Kh7
30.Qxh5+ Kg8 31.Bc3 {#r} 1-0

[Event "Extra League 1992/93"]
[Site "masterchessopen.com - Czech Republic"]
[Round "0"]
[White "Sobek Jaroslav (CZE)"]
[Black "Masin Lubos (CZE)"]
[Result "0-1"]
[WhiteElo "2267"]
[BlackElo "2103"]

1.d4 Nf6 2.c4 c5 3.d5 e6 4.Nc3 exd5 5.cxd5 d6 6.e4 g6 7.f4 Bg7 8.e5 dxe5
9.fxe5 Qe7 10.Nf3 Ng4 11.Bg5 f6 12.e6 Bxe6 13.dxe6 Qxe6+ 14.Be2 fxg5 15.Nxg5
Qe3 16.Qa4+ Nc6 17.Qxg4 Bxc3+ 18.bxc3 Qxc3+ 19.Kf2 O-O+ 20.Bf3 Rae8 21.Rhe1
Ne5 22.Qh4 h6 23.Ne4 Nxf3 24.gxf3 Qxf3+ 25.Kg1 Rf4 26.Qg3 Rexe4 27.Qxg6+ Kf8
28.Qxh6+ Ke7 29.Qh7+ Ke6 30.Qg6+ Ke5 31.Qg5+ Rf5 32.Qe7+ Kd4 33.Rxe4+ Kd3
34.Re3+ Qxe3+ 35.Qxe3+ Kxe3 36.Re1+ Kd2 37.Re7 c4 38.Rxb7 c3 39.Rd7+ Kc1
40.Rxa7 c2 41.Rc7 Kb2 42.Kg2 c1=Q 43.Rxc1 Kxc1 44.Kg3 Kd2 45.Kg4 Rf1 46.h4 Ke3
47.h5 Ke4 48.Kg5 Ke5 49.Kg6 Ke6 50.Kg7 Ke7 51.h6 Rg1+ 52.Kh8 Kf7 {#R} 0-1

[Event "It (cat.2)"]
[Site "masterchessopen.com - Debrecen (Hungary)"]
[Round "5"]
[White "Mester Gyula (HUN)"]
[Black "Mueller Christian (GER)"]
[Result "1-0"]
[WhiteElo "2425"]
[BlackElo "2205"]

1.d4 Nf6 2.c4 e6 3.Nc3 c5 4.d5 exd5 5.cxd5 d6 6.e4 g6 7.f4 Bg7 8.e5 dxe5
9.fxe5 Nfd7 10.e6 fxe6 11.dxe6 Qh4+ 12.g3 Bxc3+ 13.bxc3 Qe7 14.Ne2 Ne5 15.Nf4
O-O 16.Bg2 g5 17.O-O gxf4 18.gxf4 Nbc6 19.fxe5 Rxf1+ 20.Qxf1 Bxe6 21.Bf4 Rf8
22.Qf2 Rf7 23.Qg3+ Rg7 24.Qf3 Qf7 25.Kh1 Bxa2 26.Rd1 Be6 27.Qe3 Qg6 28.Bg3 Rd7
29.Rg1 Rf7 30.Bh4 Rg7 31.Bf6 {#r} 1-0

[Event "It (cat.4)"]
[Site "masterchessopen.com - Alcobendas (Spain)"]
[Round "6"]
[White "Garcia Vicente Nieves (ESP)"]
[Black "Danailov Silvio (BUL)"]
[Result "0-1"]
[WhiteElo "2235"]
[BlackElo "2425"]

1.d4 Nf6 2.c4 c5 3.d5 e6 4.Nc3 exd5 5.cxd5 d6 6.e4 g6 7.f4 Bg7 8.e5 Nfd7 9.Ne4
dxe5 10.Nd6+ Ke7 11.Nxc8+ Qxc8 12.Nf3 Re8 13.fxe5 Kf8 14.Bb5 a6 15.Bxd7 Nxd7
16.e6 fxe6 17.O-O Kg8 18.Kh1 exd5 19.Qxd5+ Kh8 20.Ng5 Ne5 21.Be3 Qc6 22.Qxc6
Nxc6 23.Bxc5 Kg8 24.h4 h6 25.Nh3 Re2 26.Nf4 Rxb2 27.Rab1 Rxb1 28.Rxb1 b5
29.Nxg6 Rd8 30.Be3 Rd3 31.Bf4 b4 32.Rc1 Bc3 33.Bxh6 Kh7 34.Nf4 Rd2 35.Bf8 a5
36.Ne6 Rxa2 37.Nc5 Ra1 38.Rxa1 Bxa1 39.Bd6 Bd4 40.g4 Bxc5 41.Bxc5 a4 {#R} 0-1

[Event "Ch Europe (juniors) (under 16)"]
[Site "masterchessopen.com - Baile Herculane (Romania)"]
[Round "0"]
[White "Podkriznik Gregor (SLO)"]
[Black "Andersson Tor (SWE)"]
[Result "1-0"]
[WhiteElo "2332"]
[BlackElo "2215"]

1.d4 Nf6 2.c4 c5 3.d5 e6 4.Nc3 exd5 5.cxd5 d6 6.e4 g6 7.f4 Bg7 8.e5 dxe5
9.fxe5 Nh5 10.Nf3 O-O 11.Be2 Re8 12.O-O Bxe5 13.Nxe5 Rxe5 14.b3 Qh4 15.Nb5 Nd7
16.Nd6 Ndf6 17.Nxc8 Rxc8 18.Bf3 Rd8 19.d6 b6 20.Bb2 Re6 21.Bxh5 Rdxd6 22.Qf3
Qxh5 23.Qa8+ Kg7 24.Qxa7 Qg5 25.Qb7 Qe3+ 26.Kh1 Qe2 27.Bc3 Qd3 28.Rf3 Qd1+
29.Rf1 Qd5 30.Rxf6 Rxf6 31.Bxf6+ Kxf6 32.Rf1+ Kg7 33.Qe7 Qe6 34.Qg5 Rd5 35.Qg3
Qe2 36.Qc3+ Rd4 37.Qa1 f6 38.h3 Qe5 39.Qc1 g5 40.Re1 Qd6 41.Qe3 Rd1 42.Rxd1
Qxd1+ 43.Kh2 Qd6+ 44.Kh1 h6 45.a4 Kf7 46.Qc3 h5 47.Qc2 Kg7 48.Qc4 g4 49.hxg4
Qd1+ 50.Kh2 Qxg4 51.Qb5 Qh4+ 52.Kg1 Qd4+ 53.Kh1 Qd6 54.Qe2 Kg6 55.Qe8+ Kh6
56.Qh8+ Kg5 57.Qg8+ Kf4 58.Qc4+ Qd4 59.Qf7 Qe5 60.Qc4+ Ke3 61.Qc1+ Kd3 62.Qc4+
Kd2 63.b4 Qa1+ 64.Kh2 Qxa4 65.Qd5+ Ke3 66.bxc5 Qf4+ 67.Kg1 Qf2+ 68.Kh2 Qh4+
69.Kg1 bxc5 70.Qxc5+ Kf4 71.Qd4+ Kg5 72.Qd5+ Kh6 73.Qd2+ Qg5 74.Qc3 h4 75.Kh1
{#r} 1-0